Pays par images partielles de drapeaux #2 - Statistiques

Statistiques générales
  • Ce quiz a été pris 46 034 fois
  • Le résultat moyen est 14 sur 16
Statistiques - réponses
Par images Réponse % Correct
Brésil
99%
Corée du Sud
98%
Portugal
98%
Chine
96%
Croatie
94%
Danemark
94%
Kenya
88%
Macédoine
87%
Australie
86%
Pakistan
84%
Mexique
83%
Cambodge
82%
Vatican
82%
Biélorussie
78%
Malaisie
78%
Ghana
73%
Aucun quiz correspondant
Distribution des résultats
% des personnes avec chaque résultat
Percentile par nombre de réponses
Votre historique - résultats
Vous n’avez pas pris ce quiz